| 000 | 00481cam a2200193ua 4500 | ||
|---|---|---|---|
| 001 | 732 | ||
| 008 | 110419n ii |||gr||||Z||||||eng | ||
| 020 | _a81-7033-046-7 | ||
| 040 | _cMAIN | ||
| 082 | _a328.3309544 | ||
| 245 | 1 |
_aPolitical elite. _cBy R C Swarankar. |
|
| 250 | _a1st. | ||
| 260 |
_aNew Delhi.: _bRawat publications.,988. |
||
| 300 |
_axiv, 236 p.: _c20 cm. |
||
| 653 | _aPolitical science. | ||
| 653 | _aPolitical elite. | ||
| 700 | 1 | _aSwarankar, R C., | |
| 942 | _cBK | ||
| 999 |
_c659 _d659 |
||